000 00613cam a2200217 4500500
005 20260329005217.0
041 _afre
042 _adc
100 1 0 _aDurand, Jean-Marie
_eauthor
245 0 0 _aLa Dernière Reine
260 _c2022.
500 _a66
690 _a1914-1918
690 _aAlpes
690 _aAnimal
690 _aBande dessinée
690 _aJean-Marc Rochette
690 _aNature
786 0 _nPhilosophie magazine | 164 | 11 | 2022-11-01 | p. 71-72 | 1951-1787
856 4 1 _uhttps://shs.cairn.info/magazine-philosophie-magazine-2022-11-page-71?lang=fr&redirect-ssocas=7080
999 _c1841358
_d1841358